One punch man characters in alphabetical order. IMPOSSIBLE - Statistics

General Stats
  • This quiz has been taken 79 times
    65 since last reset
  • The average score is 31 of 191
Answer Stats
Hint Letters Answer % Correct
S Hero 5 Genos
90%
Human 5 Genus
90%
B Hero 7 Saitama
90%
S Hero 4 Bang
76%
S Hero 9 Tatsumaki
69%
S Hero 4 King
65%
S Hero 5 Blast
63%
Human 5 Garou
63%
Monster 5 Boros
61%
B Hero 6 Fubuki
61%
S Hero 6,7 Atomic Samurai
59%
S Hero 9 Zombieman
53%
S Hero 5,7 Child Emperor
51%
S Hero 5,3 Metal Bat
51%
Human 5,1,5,5 Speed o Sound Sonic
49%
S Hero 5,6 Metal Knight
47%
C Hero 5,5 Mumen Rider
47%
S Hero 6,5 Flashy Flash
45%
S Hero 3,3 Pig God
45%
S Hero 4,4,9 Puri Puri Prisoner
45%
S Hero 4,3,6 Tank Top Master
43%
Monster 6 Orochi
41%
A Hero 5,4 Sweet Mask
41%
Human 4 Bomb
39%
Monster 5,5 Black Sperm
35%
Monster 4,3,4 Deep Sea King
35%
S Hero 5,6 Drive Knight
35%
B Hero 4,3,9 Tank Top Blackhole
35%
S Hero 8,3 Watchdog man
35%
Human 6 Suiryu
33%
A Hero 5 Sneck
31%
S Hero 10,9 Superalloy Darkshine
31%
C Hero 4,3,5 Tank Top Tiger
31%
Monster 7,6 Carnage Kabuto
29%
Human 9 Charanko
27%
A Hero 9,3 Lightning Max
27%
Monster 13 Geryuganshoop
22%
A Hero 6,4 Golden Ball
22%
Monster 8,7 Homeless Emperor
22%
A Hero 5,3 Smile Man
22%
A Hero 4,3,10 Tank Top Vegetarian
22%
Monster 7,3 Vaccine Man
22%
Monster 7,7 Armored Gorilla
20%
Monster 7 Bakuzan
20%
Monster 5,9 Elder Centipede
20%
Monster 4,4 Gale Wind
20%
B Hero 7 Glasses
20%
Monster 8,4 Mosquito Girl
20%
Monster 7,3 Phoenix Man
20%
Monster 6 Psykos
20%
Monster 5,4 Beast King
18%
Monster 4,7,5 Evil Natural Water
18%
Monster 5,5 Gyoro Gyoro
18%
Monster 8,5 Hellfire Flame
18%
Monster 4 Nyan
18%
Monster 5,6 Royal Ripper
18%
A Hero 6,9 Spring Mustachio
18%
A Hero 7 Stinger
18%
A Hero 5,5 Bushidrill
16%
Monster 9 Crablante
16%
B Hero 9 Eyelashes
16%
Monster 6,4 Fuhrer Ugly
16%
Monster 8 Gouketsu
16%
Monster 4 Gums
16%
Human 10 Hammerhead
16%
A Hero 5 Iaian
16%
Human 5 Tareo
16%
A Hero 3 Air
14%
A Hero 5,7 Death Gatling
14%
Monster 4,3 Frog Man
14%
Monster 8 Groribas
14%
Human 6 Kuseno
14%
A Hero 9,5 Lightning Genji
14%
Monster 9,5 Overgrown Rover
14%
Monster 8,9 Awakened Cockroach
12%
A Hero 4,4 Blue Fire
12%
Monster 3,3 Bug God
12%
B Hero 7,6 Captain Mizuki
12%
A Hero 5,1,4 Chain n Toad
12%
Monster 5 Choze
12%
Monster 3 D-os
12%
B Hero 7 Shooter
12%
Human 4,4 Sour Face
12%
Robot 2 G5
10%
A Hero 5,4 Heavy Kong
10%
A Hero 11 Okamaitachi
10%
Monster 9 Pureblood
10%
Monster 3,4 Sky King
10%
Human 7 Waganma
10%
B Hero 4,4 Wild Horn
10%
Monster 7,4 Ancient King
8%
Monster 8 Benpatsu
8%
Monster 6,4 Biceps King
8%
B Hero 4 Bone
8%
A Hero 9,2 Butterfly DX
8%
B Hero 6,3 Crying man
8%
Robot 2 G4
8%
A Hero 5,11 Great Philosopher
8%
A Hero 5 Green
8%
A Hero 5,4,9 Heavy Tank Loincloth
8%
B Hero 4 Lily
8%
Human 3,3 Lin Lin
8%
Monster 8,7 Marshall Gorilla
8%
B Hero 8,3 Mountain Ape
8%
B Hero 8 Mushroom
8%
B Hero 9 Pineapple
8%
Monster 6,9 Senior Centipede
8%
Monster 12,4 Subterranean King
8%
Hero 4,3,4 Tank Top Girl
8%
C Hero 5,3 Angry Man
6%
C Hero 7,3 Battery Man
6%
C Hero 6,3 Bunbun man
6%
A Hero 8,8 Crescent Eyebroll
6%
B Hero 8,5 Darkness Blade
6%
Monster 5,4,4 Devil Long Hair
6%
B Hero 6,4 Double Hole
6%
C Hero 1,3 D Pad
6%
Monster 4,6 Face Ripper
6%
Human 6 Gatlin
6%
B Hero 3,3 Gun Gun
6%
Monster 8 Haragiri
6%
C Hero 5,4 Horse Bone
6%
B Hero 3,4,3 Jet Nice Guy
6%
Monster 6,9 Junior Centipede
6%
Monster 5,8 Kombu Infinity
6%
A Hero 5,5,3 Magic Trick Man
6%
Monster 6 Manako
6%
B Hero 6,4 Needle Star
6%
A Hero 5,5 Peach Terry
6%
B Hero 4 Piko
6%
Monster 5,8 Rhino Wrestler
6%
C Hero 6,3 Saturn Man
6%
A Hero 6,4 Shadow Ring
6%
Human 5 Sitch
6%
Hero 4,3,6 Tank Top Doctor
6%
Monster 6 Volten
6%
C Hero 7,5,5 Armored Chief Clerk
4%
C Hero 8,3 Dynamite Man
4%
Monster 8,7,3 Electric Catfish Man
4%
Monster 4,3 Evil Eye
4%
Monster 8 Eyesight
4%
A Hero 7 Feather
4%
Monster 4,6 Free Hugger
4%
C Hero 8 Gearsper
4%
Monster 7,4,7 Hundred Eyes Octopus
4%
Monster 5,6 Maiko Plasma
4%
C Hero 7 Mohican
4%
A Hero 3,7 One Shotter
4%
C Hero 6 Poison
4%
Human 9 Shibabawa
4%
C Hero 8,4 Shoulder Pads
4%
Monster 10 Showerhead
4%
C Hero 8 Studless
4%
Monster 3,5,4,3 The Great Food Tub
4%
A Hero 4,4 Twin Tail
4%
Monster 8,6 Withered Sprout
4%
Human 6 Zanbai
4%
Human 6 Zeniru
4%
Human 7 Amahare
2%
Human 6 Bazuzu
2%
Human 4 Dave
2%
Monster 16 Destrochloridium
2%
Monster 4,5,5 Fist Fight Djinn
2%
Human 7 Fukegao
2%
C Hero 7,10 Funeral Suspenders
2%
C Hero 7,6 Gasmask Cowboy
2%
Monster 6,6 Ground Dragon
2%
Monster 9 Hamukichi
2%
Monster 9 Kamakyuri
2%
Monster 4,5,5 Lord Great White
2%
Monster 10 Melzelgald
2%
A Hero 11 Narcisstoic
2%
Human 8 Nichirin
2%
Monster 5 Rosie
2%
Human 8 Sekingar
2%
Monster 6,9 Sludge Jellyfish
2%
Monster 9 Slugerous
2%
Monster 5,5 Super Mouse
2%
Monster 6,9 Tongue Stretcher
2%
Monster 7 Unihorn
2%
Monster 7 Vacuuma
2%
Human 5 Zakos
2%
Human 5 Zenko
2%
Human 7 Jakumen
0%
Monster 3,6,4 Mad Doctor Fish
0%
Human 6 Mentai
0%
C Hero 7,5,5 Monster Roper Shell
0%
Human 7 Narinki
0%
Monster 11 Rafflesidon
0%
Human 7 Tongara
0%
Monster 5,7 Venus Mantrap
0%
No matching quizzes found
Score Distribution
Percent of People with Each Score
Percentile by Number Answered
Your Score History
You have not taken this quiz since the last reset